000
00254nam a22000977a 4500
999
_c
263020
_d
263019
020
_a
9780763688264
100
_a
Shannon Hale
245
_a
The princess in black and the mysterious playdate
260
_a
Somerville
_b
Candlewick Press
_c
2017
942
_c
BK